Naše smerovanie

Bibliographic Details
Format: Article
Language:Slovak
Subjects:

MARC

LEADER 00000nab a2200000 a 4500
001 vtls001023579
003 SK-MaSNL
005 20260303201031.0
008 040720e19970227xo 0 slo
035 |a SL2156 
040 |a SLLK  |b slo  |c SLLK  |e AACR2 
041 0 |a slo 
044 |a xo  |c SK 
080 |a 329.7(437.6)HZDS  |2 1981 
245 0 0 |a Naše smerovanie  |c [autor] (OP HZDS) 
610 2 7 |a Hnutie za demokratické Slovensko  |2 SLLK  |9 14440 
648 7 |a 15.2.1997  |2 snkbucl  |9 1231701 
650 0 7 |a okresné snemy  |2 SLLK  |9 1027753 
651 7 |a Stará Ľubovňa (Slovensko)  |2 SLLK  |9 19193 
773 0 8 |t Ľubovnianske noviny  |g Roč. 23, č. 8 (27.2.1997), s. 1 
852 |a ZVYKNI  |b KIS3GCP 
999 |c 2171313  |d 2173243